000 00437nam a2200169Ia 4500
003 GCL
008 140319s9999 xx 000 0 ara d
040 _aGCL /
_cGCL
082 0 4 _a814
_bل ث
100 1 _aلويس عوض
245 1 0 _aثقافتنا فى مفترق الطرق /
_cلويس عوض
300 _a183 ص
490 _aكتاب
_v0
650 0 4 _aالادب العربى
650 0 4 _aالمقالات
942 _2ddc
_cBK
999 _c41905
_d41905